000 00681nam a2200229 a 4500
003 sisc
005 20160729105242.0
008 120911s19uu xx 00 eng d
020 _a9788126150472
050 _aG 550
_b.R165 2012
100 _aRanjan, Kalpesh.
245 _aCruise vacation packages and international cruise destinations /
_cKalpesh Ranjan.
250 _a1st edition.
260 _aNew Delhi, India :
_bAnmol Publications,
_c2012.
300 _a248 pages ;
_c23 cm.
500 _aIncludes bibliographical references and index.
650 _aOcean Travel.
650 _aCruise ships
650 _aCruise lines
942 _cBK
_2lcc
_kFOR
999 _c22101
_d22101